000 00674nam a22001697a 4500
003 MACL
005 20150705174436.0
008 150705b xxu||||| |||| 00| 0 eng d
040 _cMACL
041 _aHindi
082 _a741.642
100 _443/4
_aकृष्‍णा, विनीता
_91022
245 _aनीना की नानी/चतुरलाल की होशियारी/प्रेम का सार/घर से बाहर गांव में
260 _aगुडगाव
_bस्‍कालास्टिक इण्डिया
_c2002
650 _aचिल्‍ड्रन बुक्‍स
_9343
942 _2ddc
_cHIN
999 _c50038
_d50038